01999cam a22003854i 4500003000900000005001700009008004100026035002000067040003300087100004100120245020200161264001000363300002100373336002100394337002500415338002300440502005900463504002400522520088800546526001001434526001001444526000901454526000901463526000901472526000901481526000901490526000901499526000901508526000801517526000801525526000801533526000801541526000801549650005601557PE-LiUPU20250731165433.0160302s1993 pe a grm 000 0 spa d a(Sirsi) a156350 aPE-LiUPUbspacPE-LiUPUerda1 aVásquez Villanueva, Antoniaeautor13aEl nivel socio - cultural de los padres y el rendimiento escolar de los alumnos del Colegio Unión y del Centro Educativo Almirante Miguel Grau, USE 14, Año 1991 /cAntonia Vásquez Villanueva. 0c1993. a88 hojas c30 cm atext2rdacontent aunmediated2rdamedia avolume2rdacarrier aTesisb(Lic.) -- cUniversidad Peruana Unión,d1993. aIncluye referencias3 aEn el presente trabajo hemos considerado, entre otros, la actuación de la madre como principal educadora de sus hijos, el cultivo de los sentimientos de nuestros hijos, la nueva figura del padre y de la madre, las perspectivas de una paternidad mas responsable y dichosa, la misión conjunta del padre y de la madre, el padre modelo, caminando por el sendero trillado, la psicología de la paternidad y la educación de loa padres, lamentables proyecciones de la crisis del hogar, como mejorar la escuela del hogar, la enseñanza y el aprendizaje escolar, la autoridad y las virtudes en la familia, la autoridad como un servicio en la educación de los hijos, las necesidades intelectuales, la eficacia de los valores, la educación y el valor del tiempo, la influencia del hogar, las características de una buena madre y esposa, y cuando empezar la educación del niño. aSEG44 aSEG26 aP151 aP150 aP149 aP146 aP145 aP126 aP125 aP92 aP75 aP74 aP27 aP1504aEstudiantes de secundariaxRendimiento académico.